[Event "NED-chT 1920"]
[Site "Netherlands"]
[Date "2020.03.07"]
[Round "6.7"]
[White "Van der Lende, Ilias"]
[Black "De Jong, Jan Willem"]
[Result "0-1"]
[WhiteElo "2410"]
[BlackElo "2443"]
[PlyCount "72"]
[EventDate "2019.09.28"]
[EventType "team-tourn"]
[EventRounds "9"]
[EventCountry "NED"]
[SourceTitle "CBM 195 Extra"]
[Source "ChessBase"]
[SourceDate "2020.05.31"]
[SourceVersion "1"]
[SourceVersionDate "2020.05.31"]
[SourceQuality "1"]
[WhiteTeam "Kennemer Combinatie"]
[BlackTeam "Leiden LSG"]
[WhiteTeamCountry "NED"]
[BlackTeamCountry "NED"]

1. d4 d5 2. c4 c6 3. Nf3 Nf6 4. Nc3 dxc4 5. a4 Bf5 6. g3 Na6 7. Nh4 Be6 8. Bg5 g6 9. Bxf6 exf6 10. Bg2 Qa5 11. 0-0 0-0-0 12. e4 Nb4 13. Qf3 Qg5 14. Qd1 Bg4 15. Bf3 h5 16. Ng2 Bxf3 17. Qxf3 Rxd4 18. Rfd1 Bc5 19. e5 Qxe5 20. Re1 Qf5 21. Qxf5+ gxf5 22. Re2 Rhd8 23. Ne3 f4 24. Nf5 Rd2 25. Rxd2 Rxd2 26. Ne4 Rd5 27. Nh6 fxg3 28. hxg3 Bd4 29. Rc1 Nd3 30. Rxc4 Nxb2 31. Rc2 Nxa4 32. Nf5 Kc7 33. Rc4 b5 34. Rxc6+ Kxc6 35. Ne7+ Kd7 36. Nxd5 f5 0-1

[Event "PRO League Stage"]
[Site "Chess.com INT"]
[Date "2020.02.05"]
[Round "5"]
[White "Herrera Reyes, Jose Antonio"]
[Black "Van der Lende, Ilias"]
[Result "0-1"]
[WhiteElo "2304"]
[BlackElo "2393"]
[PlyCount "88"]
[EventDate "2020.01.06"]
[EventType "team-swiss (rapid)"]
[EventRounds "7"]
[EventCountry "USA"]
[SourceTitle "CBM 194 Extra"]
[Source "ChessBase"]
[SourceDate "2020.03.31"]
[SourceVersion "1"]
[SourceVersionDate "2020.03.31"]
[SourceQuality "1"]
[WhiteTeam "Spain Raptors"]
[BlackTeam "Netherlands Mosquitoes"]
[WhiteTeamCountry "ESP"]
[BlackTeamCountry "NED"]

1. Nf3 d5 2. g3 Nc6 3. Bg2 e5 4. d3 Bg4 5. 0-0 Qd7 6. e4 dxe4 7. dxe4 Qxd1 8. Rxd1 Nd4 9. Nbd2 0-0-0 10. Rf1 Nxc2 11. Rb1 f6 12. Nb3 Be6 13. Bd2 Nb4 14. Be3 b6 15. Rfd1 Rxd1+ 16. Rxd1 Nxa2 17. Bf1 Bd6 18. Nfd2 Nb4 19. Nc4 Be7 20. f4 exf4 21. gxf4 Nh6 22. Nd4 Bxc4 23. Bxc4 Bc5 24. Kg2 Kb7 25. Kf3 Rd8 26. Rd2 Bxd4 27. Rxd4 Rxd4 28. Bxd4 c5 29. Bc3 Kc6 30. Be6 b5 31. h4 Nd3 32. b3 Kd6 33. Bc8 b4 34. Ba1 Nc1 35. e5+ Ke7 36. Ke4 Nxb3 37. Bb2 c4 38. Bd4 c3 39. Bxa7 c2 40. Bb8 c1Q 41. Bd6+ Kd8 42. Bb7 Qc4+ 43. Kf3 Nd4+ 44. Ke4 Nb5+ 0-1

[Event "PRO League Stage"]
[Site "Chess.com INT"]
[Date "2020.01.29"]
[Round "4"]
[White "Bauer, Christian"]
[Black "Van der Lende, Ilias"]
[Result "1-0"]
[WhiteElo "2625"]
[BlackElo "2393"]
[PlyCount "71"]
[EventDate "2020.01.06"]
[EventType "team-swiss (rapid)"]
[EventRounds "7"]
[EventCountry "USA"]
[SourceTitle "CBM 194 Extra"]
[Source "ChessBase"]
[SourceDate "2020.03.31"]
[SourceVersion "1"]
[SourceVersionDate "2020.03.31"]
[SourceQuality "1"]
[WhiteTeam "France Roosters"]
[BlackTeam "Netherlands Mosquitoes"]
[WhiteTeamCountry "FRA"]
[BlackTeamCountry "NED"]

1. f4 e6 2. Nf3 d5 3. g3 c5 4. Bg2 Nc6 5. d3 g6 6. 0-0 Bg7 7. e4 Nge7 8. Na3 0-0 9. c3 b6 10. e5 a6 11. d4 cxd4 12. cxd4 b5 13. Be3 b4 14. Nc2 a5 15. Bf2 Ba6 16. Re1 a4 17. g4 Qa5 18. b3 Bc8 19. Bh4 Re8 20. Bf6 Bd7 21. Qd2 Bh6 22. Ng5 Qb6 23. Kh1 Ra7 24. Qf2 Rea8 25. Qh4 Bxg5 26. fxg5 Qd8 27. Re3 h5 28. gxh6 Kh7 29. Rf1 Be8 30. Rd3 axb3 31. axb3 Ra2 32. Ne1 Rxg2 33. Kxg2 Ra2+ 34. Rf2 Rxf2+ 35. Qxf2 g5 36. Nf3 1-0

[Event "EU-Cup 35th"]
[Site "Ulcinj"]
[Date "2019.11.13"]
[Round "4.15"]
[White "Van der Lende, Ilias"]
[Black "Perunovic, Milos"]
[Result "0-1"]
[WhiteElo "2408"]
[BlackElo "2578"]
[PlyCount "78"]
[EventDate "2019.11.10"]
[EventType "team-swiss"]
[EventRounds "7"]
[EventCountry "MNE"]
[SourceTitle "CBM 193 Extra"]
[Source "ChessBase"]
[SourceDate "2020.01.31"]
[SourceVersion "1"]
[SourceVersionDate "2020.01.31"]
[SourceQuality "1"]
[WhiteTeam "Kennemer Combinatie"]
[BlackTeam "Sloven Ruma"]
[WhiteTeamCountry "NED"]
[BlackTeamCountry "SRB"]

1. e4 c5 2. c3 d5 3. exd5 Nf6 4. Nf3 Nxd5 5. Bb5+ Bd7 6. Bxd7+ Nxd7 7. 0-0 e6 8. d4 Be7 9. c4 N5f6 10. b3 cxd4 11. Nxd4 0-0 12. Bb2 Qa5 13. Qf3 Qb6 14. Rd1 Rfd8 15. Nc3 Ne5 16. Qe2 Ng6 17. Na4 Qc7 18. g3 a6 19. h4 h5 20. Nf3 Ng4 21. Bd4 b5 22. cxb5 axb5 23. Qxb5 Rd5 24. Qe2 Rf5 25. Qe4 Rd8 26. Bb6 Rxd1+ 27. Rxd1 Qb8 28. Rd2 Nf6 29. Qc6 Nd5 30. Nd4 Rf6 31. Ba5 Qe5 32. Qc1 Nxh4 33. Nc6 Nf3+ 34. Kg2 Qe4 35. Nxe7+ Nxe7 36. Nc5 Nh4+ 37. Kh3 Qg2+ 38. Kxh4 Ng6+ 39. Kg5 Rf5# 0-1

[Event "NED-chT 1920"]
[Site "Netherlands"]
[Date "2019.11.02"]
[Round "2.4"]
[White "Van der Lende, Ilias"]
[Black "Lammens, Tim"]
[Result "1/2-1/2"]
[WhiteElo "2410"]
[BlackElo "2248"]
[PlyCount "83"]
[EventDate "2019.09.28"]
[EventType "team-tourn"]
[EventRounds "9"]
[EventCountry "NED"]
[SourceTitle "CBM 193 Extra"]
[Source "ChessBase"]
[SourceDate "2020.01.31"]
[SourceVersion "1"]
[SourceVersionDate "2020.01.31"]
[SourceQuality "1"]
[WhiteTeam "Kennemer Combinatie"]
[BlackTeam "Apeldoorn MuConsult"]
[WhiteTeamCountry "NED"]
[BlackTeamCountry "NED"]

1. d4 Nf6 2. Nf3 d5 3. c4 e6 4. g3 Bb4+ 5. Nbd2 0-0 6. Bg2 b6 7. 0-0 Bb7 8. Ne5 Nbd7 9. Qa4 Bd6 10. Nxd7 Nxd7 11. e4 c6 12. cxd5 cxd5 13. e5 Be7 14. b4 Nb8 15. Bb2 b5 16. Qb3 Nc6 17. a4 Nxb4 18. axb5 Qb6 19. Qa4 a6 20. bxa6 Bxa6 21. Rfb1 Qc6 22. Qxc6 Nxc6 23. Rc1 Bb5 24. Bf1 Bxf1 25. Kxf1 Rab8 26. Rxc6 Rxb2 27. Nf3 Rb7 28. Rac1 g6 29. Rc7 Rfb8 30. h4 Kg7 31. R1c2 Bd8 32. Rxb7 Rxb7 33. Rc8 Be7 34. Ke2 h6 35. Ne1 Rb2+ 36. Ke3 Rb3+ 37. Nd3 Ra3 38. Rb8 Rc3 39. Rb7 Kf8 40. Rb8+ Kg7 41. Rb7 Kf8 42. Rb8+ 1/2-1/2

[Event "BEL-chT 1920"]
[Site "Belgium"]
[Date "2019.10.20"]
[Round "3.3"]
[White "Van der Lende, Ilias"]
[Black "Mroczek, Mathias"]
[Result "1-0"]
[WhiteElo "2410"]
[BlackElo "2140"]
[PlyCount "65"]
[EventDate "2019.09.29"]
[EventType "team-tourn"]
[EventRounds "11"]
[EventCountry "BEL"]
[SourceTitle "CBM 195 Extra"]
[Source "ChessBase"]
[SourceDate "2020.05.31"]
[SourceVersion "1"]
[SourceVersionDate "2020.05.31"]
[SourceQuality "1"]
[WhiteTeam "Wachtebeke"]
[BlackTeam "KSK47 Eynatten"]
[WhiteTeamCountry "BEL"]
[BlackTeamCountry "BEL"]

1. e4 e6 2. d4 d5 3. Nd2 c5 4. Ngf3 Nc6 5. exd5 exd5 6. Bb5 Qe7+ 7. Qe2 Qxe2+ 8. Kxe2 Bd6 9. c4 a6 10. cxd5 axb5 11. dxc6 bxc6 12. Ne4 Be7 13. Nxc5 Bxc5 14. dxc5 Be6 15. Nd4 Bd5 16. f3 Ne7 17. a3 g6 18. Re1 Nf5 19. Kf2+ Kd7 20. Nxf5 gxf5 21. Re5 Be6 22. Bf4 Ra4 23. b4 Rha8 24. Rd1+ Kc8 25. Bc1 R4a7 26. Rd4 Rd7 27. Rh4 Kb7 28. Rxh7 Re8 29. h4 Rd1 30. Bg5 Rd3 31. h5 Ka6 32. h6 Rg8 33. Rg7 1-0

[Event "Andorra op 37th"]
[Site "Escaldes"]
[Date "2019.07.29"]
[Round "3"]
[White "Van der Lende, Ilias"]
[Black "Asis Gargatagli, Hipolito"]
[Result "1/2-1/2"]
[WhiteElo "2350"]
[BlackElo "2506"]
[PlyCount "83"]
[EventDate "2019.07.27"]
[EventType "swiss"]
[EventRounds "9"]
[EventCountry "AND"]
[SourceTitle "CBM 191 Extra"]
[Source "ChessBase"]
[SourceDate "2019.09.30"]
[SourceVersion "1"]
[SourceVersionDate "2019.09.30"]
[SourceQuality "1"]

1. d4 Nf6 2. Nf3 g6 3. g3 Bg7 4. Bg2 d5 5. 0-0 Nbd7 6. c4 dxc4 7. Nbd2 Nb6 8. e4 c6 9. a4 a5 10. Qc2 0-0 11. Re1 Be6 12. Bf1 Bg4 13. h3 Be6 14. Ng5 Bc8 15. Nxc4 Nxc4 16. Qxc4 h6 17. Nf3 Be6 18. Qc2 Qb6 19. Be3 Qb3 20. Qb1 Rfd8 21. Rc1 Ne8 22. Ra3 Qb4 23. Ne1 Qd6 24. Rd3 Qd7 25. Kh2 Nd6 26. Rd2 Bb3 27. g4 Bxa4 28. e5 Ne8 29. Bd3 Bb3 30. f4 Nc7 31. Ng2 Nd5 32. Be4 a4 33. Qd3 b5 34. Bf2 Nb4 35. Qf3 Bd5 36. Ne3 a3 37. Bxd5 cxd5 38. bxa3 Rxa3 39. Qe2 Nc6 40. Rc5 e6 41. Qxb5 Ne7 42. Qb6 1/2-1/2

[Event "Wachtebeke-A"]
[Site "Wachtebeke"]
[Date "2019.03.06"]
[Round "8"]
[White "Maerevoet, Sim"]
[Black "Van der Lende, Ilias"]
[Result "1/2-1/2"]
[WhiteElo "2251"]
[BlackElo "2343"]
[PlyCount "96"]
[EventDate "2019.03.02"]
[EventType "tourn"]
[EventRounds "9"]
[EventCountry "BEL"]
[EventCategory "3"]
[SourceTitle "CBM 189 Extra"]
[Source "ChessBase"]
[SourceDate "2019.06.03"]
[SourceVersion "1"]
[SourceVersionDate "2019.06.03"]
[SourceQuality "1"]

1. c4 e6 2. d4 Nf6 3. Nf3 d5 4. Nc3 dxc4 5. e4 Bb4 6. Bxc4 Nxe4 7. 0-0 Nxc3 8. bxc3 Bd6 9. Qe2 Nd7 10. Rd1 Qe7 11. Bg5 f6 12. Bh4 Nf8 13. Ne5 Ng6 14. Qh5 Bxe5 15. dxe5 Qc5 16. Bd3 0-0 17. Bxg6 hxg6 18. Qxg6 Qxe5 19. Bg3 Qf5 20. Qxf5 exf5 21. Bxc7 Be6 22. Bf4 Rfc8 23. Rdc1 Rc4 24. Be3 b5 25. a3 f4 26. Bd4 a5 27. Re1 Kf7 28. Re4 f3 29. Rae1 Ra6 30. gxf3 Rac6 31. Rb1 Bf5 32. Rxb5 Bxe4 33. fxe4 a4 34. f3 Rxc3 35. Bxc3 Rxc3 36. Rb7+ Kg6 37. Kf2 Rxa3 38. Kg3 Ra1 39. Ra7 a3 40. Ra5 a2 41. Kg2 Kf7 42. Ra6 g5 43. Ra7+ Ke6 44. Ra6+ Ke5 45. Ra5+ Kd4 46. h3 Kc3 47. Ra8 Kd3 48. Ra3+ Ke2 1/2-1/2

[Event "Wachtebeke-A"]
[Site "Wachtebeke"]
[Date "2019.03.02"]
[Round "2"]
[White "Van der Lende, Ilias"]
[Black "Vuelban, Virgilio"]
[Result "1/2-1/2"]
[WhiteElo "2343"]
[BlackElo "2272"]
[PlyCount "119"]
[EventDate "2019.03.02"]
[EventType "tourn"]
[EventRounds "9"]
[EventCountry "BEL"]
[EventCategory "3"]
[SourceTitle "CBM 189 Extra"]
[Source "ChessBase"]
[SourceDate "2019.06.03"]
[SourceVersion "1"]
[SourceVersionDate "2019.06.03"]
[SourceQuality "1"]

1. e4 c5 2. c3 Nf6 3. e5 Nd5 4. d4 cxd4 5. Nf3 e6 6. cxd4 d6 7. Bc4 Nc6 8. 0-0 Be7 9. exd6 Qxd6 10. Nc3 0-0 11. Re1 Rd8 12. Bb3 Nxc3 13. bxc3 b6 14. Ng5 Na5 15. Qf3 Bxg5 16. Bxg5 Bb7 17. Qg4 h5 18. Qh3 Nxb3 19. axb3 f6 20. Be3 g6 21. c4 Kf7 22. Bf4 Qc6 23. Rad1 Rd7 24. Bc1 a5 25. Ba3 Re8 26. d5 exd5 27. Rxe8 Kxe8 28. Qe3+ Kf7 29. Re1 Kg7 30. Qe8 Rf7 31. Bf8+ Kg8 32. Bc5+ Qxe8 33. Rxe8+ Kg7 34. Bxb6 a4 35. bxa4 dxc4 36. Re3 Rd7 37. h3 Kf7 38. Bc5 f5 39. Kh2 f4 40. Rc3 Ba6 41. h4 Ke6 42. a5 Rd3 43. Rxd3 cxd3 44. Bb4 Kd5 45. f3 Ke5 46. Bd2 Kf5 47. Kg1 Bb5 48. Kf2 Ba6 49. Ke1 Bb5 50. Kd1 g5 51. hxg5 Kxg5 52. Kc1 h4 53. Be1 d2+ 54. Kxd2 Bf1 55. Bf2 Bxg2 56. Ke2 Bh3 57. a6 Bc8 58. a7 Bb7 59. Bg1 h3 60. Bh2 1/2-1/2

[Event "Cappelle rapid op 1st"]
[Site "Cappelle la Grande"]
[Date "2019.02.23"]
[Round "3"]
[White "Van der Lende, Ilias"]
[Black "Nikolov, Momchil"]
[Result "0-1"]
[WhiteElo "2334"]
[BlackElo "2577"]
[PlyCount "65"]
[EventDate "2019.02.23"]
[EventType "swiss (rapid)"]
[EventRounds "9"]
[EventCountry "FRA"]
[SourceTitle "CBM 189 Extra"]
[Source "ChessBase"]
[SourceDate "2019.06.03"]
[SourceVersion "1"]
[SourceVersionDate "2019.06.03"]
[SourceQuality "1"]

1. e4 c5 2. c3 d5 3. exd5 Qxd5 4. d4 Nc6 5. Nf3 Bg4 6. Be2 cxd4 7. cxd4 e6 8. Nc3 Bb4 9. 0-0 Qa5 10. Be3 Nf6 11. a3 Be7 12. h3 Bh5 13. b4 Qd8 14. b5 Na5 15. g4 Bg6 16. Ne5 Nd5 17. Nxd5 Qxd5 18. Qa4 b6 19. Rac1 0-0 20. Nc6 Nxc6 21. bxc6 Bd6 22. Qa6 Bc7 23. Rfd1 f5 24. g5 f4 25. Bd2 f3 26. Bc4 Qd6 27. Kf1 Rae8 28. Ke1 Be4 29. Bb4 Qh2 30. Bxf8 Kxf8 31. Bf1 Bd5 32. Qb5 Qf4 33. Rc3 0-1

[Event "Cappelle op 35th"]
[Site "Cappelle la Grande"]
[Date "2019.02.20"]
[Round "7"]
[White "Dimitrov, Radoslav"]
[Black "Van der Lende, Ilias"]
[Result "0-1"]
[WhiteElo "2535"]
[BlackElo "2334"]
[PlyCount "56"]
[EventDate "2019.02.16"]
[EventType "swiss"]
[EventRounds "9"]
[EventCountry "FRA"]
[SourceTitle "CBM 189 Extra"]
[Source "ChessBase"]
[SourceDate "2019.06.03"]
[SourceVersion "1"]
[SourceVersionDate "2019.06.03"]
[SourceQuality "1"]

1. c4 e6 2. Nc3 Nf6 3. Nf3 d5 4. d4 dxc4 5. e4 Bb4 6. Bg5 c5 7. e5 cxd4 8. Qa4+ Nc6 9. 0-0-0 Bd7 10. Ne4 Be7 11. exf6 gxf6 12. Bh6 f5 13. Bxc4 fxe4 14. Nd2 a6 15. Be2 b5 16. Qb3 d3 17. Nxe4 dxe2 18. Rd2 Qa5 19. Bg7 Rg8 20. Bf6 Rg4 21. Rxe2 Rxe4 22. Rxe4 Bxf6 23. Qf3 Be7 24. Kb1 Rc8 25. Rg4 b4 26. Rg8+ Bf8 27. Rd1 Qf5+ 28. Qxf5 exf5 0-1

[Event "Cappelle op 35th"]
[Site "Cappelle la Grande"]
[Date "2019.02.19"]
[Round "5"]
[White "Grinev, Valeriy"]
[Black "Van der Lende, Ilias"]
[Result "1-0"]
[WhiteElo "2411"]
[BlackElo "2334"]
[PlyCount "78"]
[EventDate "2019.02.16"]
[EventType "swiss"]
[EventRounds "9"]
[EventCountry "FRA"]
[SourceTitle "CBM 189 Extra"]
[Source "ChessBase"]
[SourceDate "2019.06.03"]
[SourceVersion "1"]
[SourceVersionDate "2019.06.03"]
[SourceQuality "1"]

1. Nf3 d5 2. g3 Nf6 3. Bg2 e6 4. 0-0 Be7 5. c4 0-0 6. d4 dxc4 7. Qc2 a6 8. a4 Bd7 9. Rd1 Bc6 10. Nc3 a5 11. e4 Na6 12. Ne5 Nb4 13. Qe2 Be8 14. Nxc4 c6 15. Bf4 Nd7 16. d5 Bc5 17. Bd6 Bxd6 18. Nxd6 e5 19. dxc6 bxc6 20. Bh3 Nc5 21. Nxf7 Qf6 22. Nd6 Kh8 23. Nf5 Nb3 24. Rd6 Qg5 25. Rad1 g6 26. Qe3 Qxe3 27. Nxe3 Nd4 28. Bg2 Bf7 29. Ng4 Bb3 30. Rd2 Rad8 31. Rxd8 Rxd8 32. Nxe5 c5 33. Kf1 Kg7 34. f4 g5 35. Kf2 Rf8 36. f5 Rd8 37. Bf1 Kf6 38. Ng4+ Ke7 39. Ne3 Kf6 1-0

[Event "NED-chT 1819"]
[Site "Netherlands"]
[Date "2019.02.09"]
[Round "6.7"]
[White "Lecomte, Robin"]
[Black "Van der Lende, Ilias"]
[Result "1-0"]
[WhiteElo "2277"]
[BlackElo "2331"]
[PlyCount "63"]
[EventDate "2018.09.15"]
[EventType "team-tourn"]
[EventRounds "9"]
[EventCountry "NED"]
[SourceTitle "CBM 189 Extra"]
[Source "ChessBase"]
[SourceDate "2019.06.03"]
[SourceVersion "1"]
[SourceVersionDate "2019.06.03"]
[SourceQuality "1"]
[WhiteTeam "Charlois Europoort"]
[BlackTeam "Kennemer Combinatie"]
[WhiteTeamCountry "NED"]
[BlackTeamCountry "NED"]

1. Nf3 d5 2. b3 Nf6 3. Bb2 e6 4. e3 c5 5. d4 Nc6 6. Nbd2 Be7 7. a3 0-0 8. dxc5 Bxc5 9. b4 Be7 10. Be2 b6 11. 0-0 Bb7 12. c4 Rc8 13. Rc1 Re8 14. Qa4 a5 15. cxd5 Qxd5 16. Bc4 Qd6 17. Bb5 axb4 18. Nc4 Qc7 19. axb4 Red8 20. Nce5 Nxe5 21. Rxc7 Nxf3+ 22. gxf3 Rxc7 23. Be5 Rcc8 24. Qa7 Bxf3 25. Qxe7 Rd5 26. Qb7 Rcd8 27. Bc6 h5 28. Bxf6 gxf6 29. Bxd5 Rxd5 30. Qb8+ Kh7 31. h4 b5 32. Kh2 1-0

[Event "PRO League Stage"]
[Site "Chess.com INT"]
[Date "2019.02.07"]
[Round "5"]
[White "Herrera Reyes, Jose Antonio"]
[Black "Van der Lende, Ilias"]
[Result "1-0"]
[WhiteElo "2324"]
[BlackElo "2334"]
[PlyCount "95"]
[EventDate "2019.01.08"]
[EventType "team-swiss (rapid)"]
[EventRounds "10"]
[EventCountry "USA"]
[SourceTitle "CBM 188 Extra"]
[Source "ChessBase"]
[SourceDate "2019.02.26"]
[SourceVersion "1"]
[SourceVersionDate "2019.02.26"]
[SourceQuality "1"]
[WhiteTeam "Barcelona Raptors"]
[BlackTeam "Amsterdam Mosquitoes"]
[WhiteTeamCountry "ESP"]
[BlackTeamCountry "NED"]

1. Nf3 c5 2. g3 g6 3. Bg2 Bg7 4. d3 Nc6 5. c3 d5 6. a3 e6 7. b4 b6 8. 0-0 Nge7 9. bxc5 bxc5 10. Be3 Qa5 11. Nfd2 Nf5 12. Bf4 0-0 13. e4 Nfe7 14. Bd6 Qb5 15. Nb3 c4 16. dxc4 dxc4 17. Nd4 Nxd4 18. Bxe7 Re8 19. cxd4 Rxe7 20. Nc3 Qb2 21. e5 Bb7 22. Na4 Qb3 23. Nc5 Qxd1 24. Rfxd1 Bxg2 25. Kxg2 Rc7 26. Rac1 Bxe5 27. Na6 Bd6 28. Nxc7 Bxc7 29. Rxc4 Bb6 30. Rdc1 Kg7 31. Rc8 Rxc8 32. Rxc8 Bxd4 33. a4 h5 34. a5 e5 35. f4 exf4 36. gxf4 Kf6 37. Kf3 Bg1 38. h3 Kf5 39. Rc1 Bd4 40. Rd1 Bc3 41. Rd7 f6 42. Rxa7 g5 43. fxg5 fxg5 44. a6 g4+ 45. hxg4+ hxg4+ 46. Kg2 Ke6 47. Rc7 Bd4 48. a7 1-0

[Event "PRO League Stage"]
[Site "Chess.com INT"]
[Date "2019.01.30"]
[Round "4"]
[White "Van der Lende, Ilias"]
[Black "Manukian, Artak"]
[Result "1-0"]
[WhiteElo "2334"]
[BlackElo "2196"]
[PlyCount "67"]
[EventDate "2019.01.08"]
[EventType "team-swiss (rapid)"]
[EventRounds "10"]
[EventCountry "USA"]
[SourceTitle "CBM 188 Extra"]
[Source "ChessBase"]
[SourceDate "2019.02.26"]
[SourceVersion "1"]
[SourceVersionDate "2019.02.26"]
[SourceQuality "1"]
[WhiteTeam "Amsterdam Mosquitoes"]
[BlackTeam "Armenia Eagles"]
[WhiteTeamCountry "NED"]
[BlackTeamCountry "ARM"]

1. Nf3 d5 2. d4 Nf6 3. Bf4 e6 4. e3 c5 5. Nc3 a6 6. a3 Nc6 7. h3 Bd6 8. dxc5 Bxc5 9. Bd3 0-0 10. e4 dxe4 11. Nxe4 Nxe4 12. Bxe4 Qxd1+ 13. Rxd1 f6 14. Bxc6 bxc6 15. Bd6 Bxd6 16. Rxd6 e5 17. Rxc6 Bb7 18. Rc7 Bxf3 19. gxf3 Rfc8 20. Rxc8+ Rxc8 21. Kd2 Kf7 22. b3 Ke6 23. Rg1 g5 24. Rg4 h5 25. Ra4 Rc6 26. c4 Kf5 27. Ke3 h4 28. Ra5 Rd6 29. c5 Rd1 30. c6 Rb1 31. b4 Rb3+ 32. Kd2 Ke6 33. Rc5 Rb2+ 34. Kc1 1-0

[Event "EU-Cup 34th"]
[Site "Porto Carras"]
[Date "2018.10.15"]
[Round "4.3"]
[White "Kosic, Dragan"]
[Black "Van der Lende, Ilias"]
[Result "1-0"]
[WhiteElo "2470"]
[BlackElo "2327"]
[PlyCount "137"]
[EventDate "2018.10.12"]
[EventType "team-swiss"]
[EventRounds "7"]
[EventCountry "GRE"]
[SourceTitle "CBM 187"]
[Source "ChessBase"]
[SourceDate "2018.12.11"]
[SourceVersion "1"]
[SourceVersionDate "2018.12.11"]
[SourceQuality "1"]
[WhiteTeam "Sloven Ruma"]
[BlackTeam "Deloitte"]
[WhiteTeamCountry "SRB"]
[BlackTeamCountry "NED"]

1. d4 d5 2. Nf3 e6 3. Bf4 Nf6 4. e3 Bd6 5. Bg3 0-0 6. Nbd2 c5 7. c3 Nc6 8. Bd3 b6 9. Ne5 Bb7 10. f4 Ne7 11. Qb1 g6 12. Bf2 Nf5 13. g4 Nxe3 14. Bxe3 Bxe5 15. fxe5 Nxg4 16. Bf4 f6 17. Bxg6 fxe5 18. Bxh7+ Kh8 19. Bg3 e4 20. Nxe4 dxe4 21. Bxe4 Qg5 22. Qd3 Bxe4 23. Qxe4 cxd4 24. Qxd4+ e5 25. Qe4 Rad8 26. Rd1 Rxd1+ 27. Kxd1 Nf2+ 28. Bxf2 Rxf2 29. Qa8+ Kg7 30. Qxa7+ Rf7 31. Qa8 Qe3 32. Qd5 e4 33. Qd4+ Qxd4+ 34. cxd4 Rd7 35. Ke2 Rxd4 36. Rd1 Ra4 37. a3 Rc4 38. Ke3 Rc2 39. Rd2 Rc4 40. Rd4 Rc2 41. Rb4 Rxh2 42. Rxb6 Rh4 43. Rb4 Kf6 44. Rxe4 Rh2 45. Rb4 Ke5 46. Rb5+ Kd6 47. Kd4 Kc6 48. Rb8 Kc7 49. Rb4 Kc6 50. Kc4 Rh3 51. Rb8 Kc7 52. Rf8 Kb6 53. Rf5 Rh6 54. Rf4 Ka5 55. Rd4 Rb6 56. b4+ Ka4 57. Kc5 Rh6 58. Rd6 Rh5+ 59. Kb6 Rg5 60. Ka6 Kxa3 61. b5 Kb4 62. b6 Kc5 63. Rh6 Rg1 64. Ka7 Ra1+ 65. Kb8 Kb5 66. Kb7 Rg1 67. Rh5+ Kb4 68. Ka7 Ra1+ 69. Kb8 1-0

[Event "EU-Cup 34th"]
[Site "Porto Carras"]
[Date "2018.10.12"]
[Round "1.3"]
[White "Van der Lende, Ilias"]
[Black "Sasikiran, Krishnan"]
[Result "0-1"]
[WhiteElo "2327"]
[BlackElo "2672"]
[PlyCount "74"]
[EventDate "2018.10.12"]
[EventType "team-swiss"]
[EventRounds "7"]
[EventCountry "GRE"]
[SourceTitle "CBM 187"]
[Source "ChessBase"]
[SourceDate "2018.12.11"]
[SourceVersion "1"]
[SourceVersionDate "2018.12.11"]
[SourceQuality "1"]
[WhiteTeam "Deloitte"]
[BlackTeam "Novy Bor"]
[WhiteTeamCountry "NED"]
[BlackTeamCountry "CZE"]

1. e4 c5 2. c3 d5 3. exd5 Qxd5 4. d4 g6 5. Nf3 Bg7 6. Na3 cxd4 7. Bc4 Qe4+ 8. Be3 Nh6 9. cxd4 0-0 10. Nb5 Nc6 11. Nc3 Qf5 12. h3 Qa5 13. 0-0 Nf5 14. Re1 e6 15. d5 exd5 16. Qxd5 Nxe3 17. Rxe3 Bf5 18. a3 Qb6 19. Rae1 Rad8 20. Qb5 Qxb5 21. Bxb5 Bh6 22. R3e2 Nd4 23. Nxd4 Rxd4 24. Re8 a6 25. Rxf8+ Kxf8 26. Re8+ Kg7 27. Bf1 Bc1 28. g4 Be6 29. b4 Bxa3 30. b5 Bb4 31. bxa6 bxa6 32. Ne2 Rd1 33. Kg2 a5 34. Nf4 Bd7 35. Re3 Bc6+ 36. f3 Bd2 37. Rd3 Bb5 0-1